Music Quiz

Random Music or Artist Quiz

Artist by Biggest Album Quiz Stats

 Plays Quiz not verified by Sporcle

Challenge
Share
Tweet
Embed
Score 0/21 Timer 04:00
0 Plays Today
Album Band % Correct
ThrillerMichael Jackson
96.6%
*Band Name* (White Album)The Beatles
96%
Dark Side of the MoonPink Floyd
94.8%
Born in the USABruce Springsteen
93.7%
Back in BlackAC/DC
92.6%
NevermindNirvana
90.1%
Goodbye Yellow Brick RoadElton John
84.1%
*Band Name* IVLed Zeppelin
83.4%
Are You ExperiencedThe Jimi Hendrix Experience
80.9%
Pet SoundsThe Beach Boys
80.7%
RumoursFleetwood Mac
78.7%
Album Band % Correct
*Band Name*'s NextThe Who
75.8%
Let's DanceDavid Bowie
66.8%
Black Holes and RevelationsMuse
56.7%
Combat RockThe Clash
52.9%
Some GirlsThe Rolling Stones
47.8%
Disraeli GearsCream
46.9%
*Band Name* Are the Village Green Preservation SocietyThe Kinks
41.9%
DoolittleThe Pixies
37%
Cosmo's FactoryCreedence Clearwater Revival
33%
Out of the BlueElectric Light Orchestra
17.5%

You're not logged in!

Compare scores with friends on all Sporcle quizzes.
OR
Log In

You Might Also Like...

Show Comments

Extras

Top Quizzes Today


Score Distribution

Your Account Isn't Verified!

In order to create a playlist on Sporcle, you need to verify the email address you used during registration. Go to your Sporcle Settings to finish the process.

Report this User

Report this user for behavior that violates our Community Guidelines.

Details: